A house is a house for me / (Record no. 113405)
[ view plain ]
| 000 -LEADER | |
|---|---|
| fixed length control field | 00556nam a2200193 a 4500 |
| 001 - CONTROL NUMBER | |
| control field | 3454 |
| 005 - DATE AND TIME OF LATEST TRANSACTION | |
| control field | 20140414132018.0 |
| 008 - FIXED-LENGTH DATA ELEMENTS--GENERAL INFORMATION | |
| fixed length control field | 040601s19uu xx 00 eng d |
| 020 ## - INTERNATIONAL STANDARD BOOK NUMBER | |
| International Standard Book Number | 0-14-050394-3 |
| 050 ## - LIBRARY OF CONGRESS CALL NUMBER | |
| Classification number | TR |
| Item number | H65 1982 |
| 100 ## - MAIN ENTRY--PERSONAL NAME | |
| Personal name | Hoberman, Mary Ann |
| 245 ## - TITLE STATEMENT | |
| Title | A house is a house for me / |
| Statement of responsibility, etc | Mary Ann Hoberman; illustrated by Betty Fraser. |
| 260 ## - PUBLICATION, DISTRIBUTION, ETC. (IMPRINT) | |
| Place of publication, distribution, etc | New York : |
| Name of publisher, distributor, etc | Puffin Books, |
| Date of publication, distribution, etc | [n.d.] |
| 300 ## - PHYSICAL DESCRIPTION | |
| Extent | [44] p. : ill. ; cm. |
| 500 ## - GENERAL NOTE | |
| General note | TR/PS |
| 650 ## - SUBJECT ADDED ENTRY--TOPICAL TERM | |
| Topical term or geographic name as entry element | Habitats |
| General subdivision | Juvenile literature. |
| 650 ## - SUBJECT ADDED ENTRY--TOPICAL TERM | |
| Topical term or geographic name as entry element | Children stories. |
| Withdrawn status | Lost status | Damaged status | Use restrictions | Home library | Current library | Shelving location | Date acquired | Source of acquisition | Total Checkouts | Full call number | Barcode | Date last seen | Price effective from | Koha item type |
|---|---|---|---|---|---|---|---|---|---|---|---|---|---|---|
| Munich Library | Munich Library | Teachers Reference Section | 06/01/2004 | TR H65 1982 | M4971 | 04/14/2014 | 04/14/2014 | Books |